Vowelless Thor Ragnarok Characters - Statistics

General Stats
  • This quiz has been taken 570 times
    557 since last reset
  • The average score is 12 of 15
Answer Stats
Hint Answer % Correct
Hlk Hulk
100%
Thr Thor
100%
Lk Loki
99%
Dctr Strng Doctor Strange
97%
Hmdll Heimdall
96%
Vlkyr Valkyrie
94%
Grndmstr Grandmaster
91%
Krg Korg
88%
Hl Hela
87%
Srtr Surtur
70%
Skrg Skurge
60%
Vlstgg Volstagg
55%
Dn Odin
49%
Fndrl Fandral
44%
Hgn Hogun
39%
No matching quizzes found
Score Distribution
Percent of People with Each Score
Percentile by Number Answered
Your Score History
You have not taken this quiz since the last reset